| 000 | 00849cam a22002774a 4500 | ||
|---|---|---|---|
| 005 | 20260322212027.0 | ||
| 008 | data | ||
| 010 | _a 2003046101 | ||
| 020 | _a0805376135 | ||
| 020 | _a9780805376135 | ||
| 040 |
_aDLC _cDLC _dDLC |
||
| 042 | _apcc | ||
| 050 | 0 | 0 |
_aQR41.2 _b.T67 2004 |
| 082 | 0 | 0 |
_a579 _221 |
| 100 | 1 | _aTortora, Gerard J. | |
| 245 | 1 | 0 |
_aMicrobiology : _ban introduction / _cGerard J. Tortora, Berdell R. Funke & Christine L. Case. |
| 250 | _a8th ed. | ||
| 260 |
_aSan Francisco, CA : _bBenjamin Cummings, _cc2004. |
||
| 300 |
_axxiii, 898 p. : _bill. (some col.) ; _c28 cm. + _e1 CD-ROM (4 3/4 in.) |
||
| 500 | _aIncludes index. | ||
| 650 | 0 | _aMicrobiology. | |
| 700 | 1 | _aFunke, Berdell R. | |
| 700 | 1 |
_aCase, Christine L., _d1948- |
|
| 856 | 4 | 1 |
_3Table of contents _uhttp://www.loc.gov/catdir/toc/fy037/2003046101.html |
| 001 | data | ||
| 999 |
_c604 _d604 |
||